000 00754 a2200205 4500
999 _c5851
_d5851
020 _a9780618394586
050 0 0 _aQA531. TRI 2005
100 1 _aLarson, Ron,
_d1941-
_eauthor
245 1 0 _aTrigonometry :
_ba graphic approach /
_cRon Larson, Robert P. Hostetler ; with the assistance of David C. Falvo.
250 _a4th ed
264 _aNew York:
_bHoughton Mifflin.,
_c2005
300 _a1 v. (various pagings) :
_bill. (some col.) ;
500 _aIncludes indexes.
650 0 _aTrigonometry
700 1 _aHostetler, Robert P.
700 1 _aEdwards, Bruce H.
700 1 _aFalvo, David C.
942 _2lcc
_cBK
_h531
_iLAR
_kQA